The sales promotion : handbook
Αποθηκεύτηκε σε:
| Κύριος συγγραφέας: | |
|---|---|
| Μορφή: | Βιβλίο |
| Γλώσσα: | English |
| Δημοσίευση: |
London :
Kogan Page,
1993
|
| Θέματα: | |
| Ετικέτες: |
Προσθήκη ετικέτας
Δεν υπάρχουν, Καταχωρήστε ετικέτα πρώτοι!
|
MARC
| LEADER | 00000nam a2200000 i 4500 | ||
|---|---|---|---|
| 001 | 1/21428 | ||
| 008 | 960709s1993 eng d | ||
| 020 | |a 0-7494-0998-3 | ||
| 035 | |l 10021713 | ||
| 040 | |a GR-MY-UA |b gre |e aacr | ||
| 041 | 0 | |a eng | |
| 082 | 0 | |a 658.82 | |
| 100 | 1 | |a Brown, Chris. | |
| 245 | 1 | 4 | |a The sales promotion : |b handbook / |c Chris Brown |
| 260 | |a London : |b Kogan Page, |c 1993 | ||
| 300 | |a 322 p. | ||
| 500 | |a Includes index | ||
| 650 | 0 | 0 | |a Sales promotion. |
| 852 | |a INST |b CHIOS |e 19960709 |h 658.82 BRO |p 005200003552 |q 005200003552 |t BK |y 0 | ||
| 909 | |a Χ |b 037885 | ||